[Event "TUR-chT Superleague 2018"]
[Site "Ankara"]
[Date "2018.07.30"]
[Round "7"]
[White "Unuk, Laura"]
[Black "Mamedjarova, Zeinab"]
[Result "0-1"]
[WhiteElo "2355"]
[BlackElo "2345"]
[Annotator "NA"]
[PlyCount "74"]
[EventDate "2018.07.25"]
[EventType "team-tourn"]
[EventCountry "TUR"]
[SourceTitle "playchess.com"]
[Source "ChessBase"]
[SourceQuality "1"]
[TimeControl "40/5400+30:1800+30"]

1. d4 d5 2. Nf3 e6 3. c4 Be7 4. Nc3 Nf6 5. Bf4 O-O 6. e3 Nbd7 7. Qc2 dxc4 8. Bxc4 a6 9. e4 c5 10. e5 Nh5 11. Be3 cxd4 12. Bxd4 Nf4 13. h4 Qc7 14. Bb3 Qc6 {[%emt 0:56:30]} 15. O-O-O {[%emt 0:59:30]} b5 {[%emt 0:02:30]} 16. Ng5 {[%emt 0:06:30]} Bxg5 {[%emt 0:07:30]} 17. hxg5 {[%emt 0:01:30]} Ng6 {[%emt 0:00:30]} 18. f4 {[%emt 0:12:58]} Rd8 {[%emt 0:05:30]} 19. g4 {[%emt 0:01:28]} Ndf8 {[%emt 0:04:30]} 20. Rhf1 {[%emt 0:01:45]} Bb7 {[%emt 0:12:23]} 21. f5 {[%emt 0:01:36]} Nh4 {[%emt 0:00:02]} 22. f6 {[%emt 0:06:19]} Nf3 {[%emt 0:01:28]} 23. fxg7 {[%emt 0:00:47]} Kxg7 {[%emt 0:00:34]} 24. Qf2 {[%emt 0:05:20]} b4 {[%emt 0:04:14]} 25. Bd5 {[%emt 0:00:33]} Rxd5 {[%emt 0:00:20]} 26. Qxf3 {[%emt 0:00:24]} Qc7 {[%emt 0:00:17]} 27. Qf6+ {[%emt 0:01:56]} Kg8 {[%emt 0:00:03]} 28. g6 {[%emt 0:00:00]} fxg6 {[%emt 0:03:57]} 29. Kb1 {[%emt 0:03:26]} bxc3 {[%emt 0:00:30]} 30. Bxc3 {[%emt 0:00:00]} Rxd1+ {[%emt 0:01:00]} 31. Rxd1 {[%emt 0:00:00]} Qf7 {[%emt 0:00:31]} 32. Qg5 {[%emt 0:00:19]} Bd5 {[%emt 0:00:39]} 33. Qe3 {[%emt 0:01:22]} Qf3 {[%emt 0:01:06]} 34. Qg1 {[%emt 0:00:21]} a5 {[%emt 0:00:26]} 35. Bd2 {[%emt 0:00:46]} Rb8 {[%emt 0:01:02]} 36. Ka1 {[%emt 0:00:31]} Qe2 {[%emt 0:00:52]} 37. Bc3 {[%emt 0:00:59]} Qc4 {[%emt 0:00:11]} 0-1

[Event "TUR-chT Superleague 2018"]
[Site "Ankara"]
[Date "2018.07.30"]
[Round "7"]
[White "Savina, Anastasia"]
[Black "Mammadzada, Gunay"]
[Result "1-0"]
[WhiteElo "2342"]
[BlackElo "2426"]
[Annotator "TA"]
[PlyCount "113"]
[EventDate "2018.07.25"]
[EventType "team-tourn"]
[EventCountry "TUR"]
[SourceTitle "playchess.com"]
[Source "ChessBase"]
[SourceQuality "1"]

{[%evp 17,113,58,55,25,25,-6,64,34,77,65,123,24,108,95,86,42,37,-17,-14,-7,85,84,62,82,112,112,111,84,176,148,158,157,159,147,147,145,156,137,163,163,163,163,163,163,170,163,163,135,160,152,153,135,135,133,138,133,152,135,152,152,163,163,226,226,226,233,237,226,228,229,229,233,233,225,232,233,398,386,398,398,392,389,372,251,570,570,565,557,547,507,535,536,590,588,575,558,516,510]} 1. Nf3 d5 2. c4 c6 3. e3 Nf6 4. Nc3 a6 5. Qc2 g6 6. d4 Bg7 7. Bd3 Bg4 {D10: Damengambit (Slawische Verteidigung)} 8. Ne5 Be6 9. c5 Nbd7 {LiveBook: 7 Partien. Weiß steht etwas besser.} 10. f4 $146 ({Vorgänger:} 10. Nxd7 Qxd7 11. Na4 Rb8 12. Bd2 Bf5 13. Bxf5 Qxf5 14. Qxf5 gxf5 15. Ke2 {½-½ (41) Khismatullin,D (2656)-Volkov,S (2615) Taganrog 2011}) 10... O-O 11. Bd2 Qc8 (11... Nxe5 $11 12. fxe5 Ne8) 12. Na4 Rb8 13. h3 Qc7 ({Besser ist} 13... Nxe5 $14 14. dxe5 Ne4) 14. Nf3 ({Günstiger ist} 14. Nxd7 $16 Qxd7 15. Nb6) 14... Rfe8 (14... Ne4 $1 $11 {bleibt in der Remisbreite.}) 15. g4 $16 Ne4 16. Bxe4 dxe4 17. Ng5 (17. Ng1 $14) 17... Bd5 $11 18. Rg1 Nf6 {[#]} (18... e5 $11 {hält das Gleichgewicht.} 19. dxe5 Bxe5) 19. h4 $1 $16 h6 20. Nh3 Qd7 21. Nb6 $36 {[%mdl 2048] Weiss bestimmt, wo es lang geht.} Qd8 22. O-O-O e6 (22... Nd7 $16) 23. Nf2 h5 24. g5 Nd7 25. Ba5 ({Und nicht} 25. Nxe4 Nxb6 26. cxb6 Bxe4 $11) 25... Nxb6 26. Bxb6 Qd7 27. Kb1 Re7 28. Nxe4 Bxe4 29. Qxe4 Qd5 30. Qc2 Qf3 31. Qd3 Rd7 32. Ba5 Re8 33. Qb3 Bf8 34. Ka1 Be7 35. Rgf1 Qg4 36. Rh1 Bf8 37. Rdf1 Bg7 38. a3 Ree7 39. Qc2 Qg3 (39... Qf5 {ist wohl besser.} 40. Rh2 Re8) 40. Qe2 $18 {Droht stark Tfg1.} Qg4 {[#]} 41. Qxg4 $1 hxg4 42. Rfg1 f5 43. gxf6 $1 Bxf6 44. Rxg4 Rg7 45. Ka2 Rd5 46. Kb3 Kf7 $2 (46... Rh5 47. Be1 Kf7) 47. Bc7 Rh5 48. Be5 Rgh7 49. Bxf6 Kxf6 {[%mdl 4096] Endspiel KTT-KTT} 50. e4 b6 $2 (50... Rh8 51. Kc4 R5h6 52. e5+ Kf7) 51. cxb6 {Weiß steht klar auf Gewinn.} Rb5+ 52. Kc3 Rxb6 53. Rg5 Rb8 54. h5 gxh5 55. Rhxh5 Rxh5 56. Rxh5 Rg8 57. Ra5 {Precision: Weiß = 56%, Schwarz = 27%.} 1-0

[Event "TUR-chT Superleague 2018"]
[Site "Ankara"]
[Date "2018.07.30"]
[Round "7"]
[White "Balajayeva, Khanim"]
[Black "Celik, Eda"]
[Result "1-0"]
[WhiteElo "2332"]
[BlackElo "1864"]
[Annotator "NA"]
[PlyCount "79"]
[EventDate "2018.07.25"]
[EventType "team-tourn"]
[EventCountry "TUR"]
[SourceTitle "playchess.com"]
[Source "ChessBase"]
[SourceQuality "1"]
[TimeControl "40/5400+30:1800+30"]

1. e4 e5 2. Nf3 Nc6 3. Bc4 Nf6 4. d3 Be7 5. O-O O-O 6. Re1 d6 7. a4 Na5 8. Ba2 c5 9. Na3 Nc6 10. c3 a6 11. Bd2 Rb8 12. Nc2 h6 13. b4 b5 14. axb5 axb5 15. Ne3 Re8 16. Bd5 Qc7 17. bxc5 dxc5 18. c4 Nxd5 19. Nxd5 Qd6 20. cxb5 Rxb5 21. Qa4 {[%emt 0:59:30]} Rb8 {[%emt 0:57:00]} 22. Nxe5 {[%emt 0:00:30]} Bb7 {[%emt 0:19:30]} 23. Nf3 {[%emt 0:02:30]} Bf6 {[%emt 0:04:30]} 24. Rab1 {[%emt 0:02:30]} Ra8 {[%emt 0:01:30]} 25. Qc2 {[%emt 0:01:30]} Ba6 {[%emt 0:01:02]} 26. Bf4 {[%emt 0:11:30]} Qd8 {[%emt 0:04:38]} 27. Qxc5 {[%emt 0:02:30]} Rc8 {[%emt 0:02:36]} 28. Qa3 {[%emt 0:03:30]} Ra8 {[%emt 0:05:03]} 29. Rb6 {[%emt 0:01:24]} Bc4 {[%emt 0:02:57]} 30. Nxf6+ {[%emt 0:00:33]} Qxf6 {[%emt 0:02:39]} 31. Qc1 {[%emt 0:00:28]} Bxd3 {[%emt 0:04:18]} 32. Rxc6 {[%emt 0:00:11]} Qe7 {[%emt 0:00:10]} 33. e5 {[%emt 0:01:22]} Bb5 {[%emt 0:00:31]} 34. Rc7 {[%emt 0:00:44]} Qb4 {[%emt 0:00:18]} 35. h3 {[%emt 0:00:30]} Ra4 {[%emt 0:00:39]} 36. Bg3 {[%emt 0:00:25]} Ba6 {[%emt 0:00:34]} 37. Qc3 {[%emt 0:01:03]} Qb6 {[%emt 0:00:28]} 38. Qc6 {[%emt 0:01:51]} Qxc6 {[%emt 0:00:23]} 39. Rxc6 {[%emt 0:00:00]} Bb7 {[%emt 0:00:31]} 40. Rc3 {[%emt 0:00:00]} 1-0

[Event "TUR-chT Superleague 2018"]
[Site "Ankara"]
[Date "2018.07.30"]
[Round "7"]
[White "Selbes, Tarik"]
[Black "Bolat, Ahmet"]
[Result "1/2-1/2"]
[WhiteElo "2330"]
[BlackElo "2124"]
[Annotator "NA"]
[PlyCount "141"]
[EventDate "2018.07.25"]
[EventType "team-tourn"]
[EventCountry "TUR"]
[SourceTitle "playchess.com"]
[Source "ChessBase"]
[SourceQuality "1"]
[TimeControl "40/5400+30:1800+30"]

1. e4 e6 2. d4 d5 3. Nc3 dxe4 4. Nxe4 Nd7 5. Nf3 Ngf6 6. Nxf6+ Nxf6 7. Bg5 h6 8. Bh4 c5 9. c3 a6 10. Be2 cxd4 11. Qxd4 Qxd4 12. Nxd4 Bc5 13. Nb3 Bb6 14. O-O Bd7 15. Bf3 Bc6 16. Bxc6+ bxc6 17. Rad1 Rd8 18. Nd2 Ke7 19. Nc4 Bc7 20. Rfe1 Rd5 21. Ne3 Rxd1 22. Rxd1 Rb8 23. Nc4 Rb5 24. Bg3 {[%emt 1:00:00]} e5 {[%emt 0:58:30]} 25. Re1 {[%emt 0:08:30]} Nd7 {[%emt 0:01:30]} 26. f4 {[%emt 0:08:30]} f6 {[%emt 0:06:30]} 27. fxe5 {[%emt 0:02:30]} fxe5 {[%emt 0:00:30]} 28. Re2 {[%emt 0:04:53]} Ke6 {[%emt 0:01:30]} 29. Bf2 {[%emt 0:01:07]} Rd5 {[%emt 0:01:30]} 30. g4 {[%emt 0:03:35]} g6 {[%emt 0:01:30]} 31. Kg2 {[%emt 0:01:53]} Nf6 {[%emt 0:00:30]} 32. h3 {[%emt 0:00:11]} h5 {[%emt 0:02:30]} 33. g5 {[%emt 0:04:14]} Ng8 {[%emt 0:01:30]} 34. Ne3 {[%emt 0:01:22]} Rd8 {[%emt 0:03:30]} 35. Bg3 {[%emt 0:01:38]} Ne7 {[%emt 0:00:30]} 36. Nc2 {[%emt 0:05:47]} c5 {[%emt 0:00:30]} 37. Bf2 {[%emt 0:01:03]} Nd5 {[%emt 0:00:30]} 38. Bg3 {[%emt 0:02:03]} h4 {[%emt 0:00:30]} 39. c4 {[%emt 0:01:34]} hxg3 {[%emt 0:03:30]} 40. cxd5+ {[%emt 0:00:30]} Rxd5 {[%emt 0:00:30]} 41. Kxg3 {[%emt 0:01:10]} Rd3+ {[%emt 0:02:30]} 42. Kg4 {[%emt 0:01:30]} c4 {[%emt 0:00:30]} 43. h4 {[%emt 0:06:30]} Bb6 {[%emt 0:02:30]} 44. Ne1 {[%emt 0:04:05]} Rd4+ {[%emt 0:04:30]} 45. Kg3 {[%emt 0:00:06]} Kf5 {[%emt 0:12:30]} 46. Rf2+ {[%emt 0:01:17]} Rf4 {[%emt 0:00:00]} 47. Rxf4+ {[%emt 0:01:15]} exf4+ {[%emt 0:00:00]} 48. Kf3 {[%emt 0:00:00]} Bd4 {[%emt 0:00:30]} 49. b3 {[%emt 0:00:00]} c3 {[%emt 0:01:30]} 50. Nc2 {[%emt 0:00:16]} Bg1 {[%emt 0:07:30]} 51. b4 {[%emt 0:02:04]} Bb6 {[%emt 0:06:30]} 52. a4 {[%emt 0:00:25]} Ba7 {[%emt 0:00:30]} 53. a5 {[%emt 0:15:06]} Bg1 {[%emt 0:00:30]} 54. Ne1 {[%emt 0:01:48]} Be3 {[%emt 0:01:30]} 55. Nc2 {[%emt 0:00:45]} Ba7 {[%emt 0:02:00]} 56. Na3 {[%emt 0:00:39]} Bb8 {[%emt 0:01:56]} 57. b5 {[%emt 0:01:24]} axb5 {[%emt 0:01:13]} 58. Nxb5 {[%emt 0:00:07]} Be5 {[%emt 0:00:24]} 59. Na3 {[%emt 0:00:29]} Bd4 {[%emt 0:01:59]} 60. a6 {[%emt 0:00:13]} Bb6 {[%emt 0:00:25]} 61. Nc2 {[%emt 0:01:06]} Bc5 {[%emt 0:00:05]} 62. Ne1 {[%emt 0:00:43]} Be3 {[%emt 0:00:58]} 63. Nc2 {[%emt 0:00:58]} Bc5 {[%emt 0:00:03]} 64. Na3 {[%emt 0:00:09]} Be3 {[%emt 0:01:35]} 65. Nc2 {[%emt 0:00:50]} Bc5 {[%emt 0:00:18]} 66. Nb4 {[%emt 0:00:00]} Be3 {[%emt 0:00:58]} 67. Nc2 {[%emt 0:01:00]} Bc5 {[%emt 0:00:03]} 68. Na3 {[%emt 0:00:03]} Be3 {[%emt 0:00:09]} 69. Nc2 {[%emt 0:00:39]} Bc5 {[%emt 0:00:08]} 70. Nb4 {[%emt 0:00:49]} Be3 {[%emt 0:00:05]} 71. Nc2 {[%emt 0:00:12]} 1/2-1/2

[Event "TUR-chT Superleague 2018"]
[Site "Ankara"]
[Date "2018.07.30"]
[Round "7"]
[White "Yildiz Kadioglu, Betul Cemre"]
[Black "Ozoglu, Berker"]
[Result "1-0"]
[WhiteElo "2323"]
[BlackElo "1843"]
[Annotator "NA"]
[PlyCount "76"]
[EventDate "2018.07.25"]
[EventType "team-tourn"]
[EventCountry "TUR"]
[SourceTitle "playchess.com"]
[Source "ChessBase"]
[SourceQuality "1"]
[TimeControl "40/5400+30:1800+30"]

1. e4 c5 2. Nf3 Nc6 3. Bb5 g6 4. O-O Bg7 5. c3 a6 6. Be2 d5 7. d3 e5 8. Nbd2 Nf6 9. Re1 O-O 10. Bf1 Bg4 11. h3 Be6 12. exd5 Nxd5 13. Nc4 Qc7 14. Ng5 Rfe8 15. Nxe6 Rxe6 16. a4 h6 17. Ne3 Nf6 18. Ng4 Kh7 19. Nxf6+ Bxf6 20. Qf3 Bg7 21. Be3 Bf8 22. h4 f5 23. g3 Rd8 {[%emt 0:49:00]} 24. Bh3 {[%emt 1:08:00]} Rf6 {[%emt 0:02:30]} 25. Rad1 {[%emt 0:02:30]} Qf7 {[%emt 0:08:30]} 26. Bc1 {[%emt 0:00:30]} Qb3 {[%emt 0:00:30]} 27. g4 {[%emt 0:07:30]} Qxa4 {[%emt 0:02:30]} 28. gxf5 {[%emt 0:00:30]} Qxh4 {[%emt 0:00:30]} 29. Re4 {[%emt 0:00:30]} Qh5 {[%emt 0:01:30]} 30. Bg4 {[%emt 0:01:30]} Qh4 {[%emt 0:00:30]} 31. Qg2 {[%emt 0:04:30]} Rfd6 {[%emt 0:01:30]} 32. fxg6+ {[%emt 0:00:56]} Kh8 {[%emt 0:01:30]} 33. Be2 {[%emt 0:12:00]} Qf6 {[%emt 0:00:30]} 34. Rg4 {[%emt 0:00:00]} Bg7 {[%emt 0:04:30]} 35. Qh3 {[%emt 0:01:33]} Qf8 {[%emt 0:00:00]} 36. Bxh6 {[%emt 0:04:12]} Kg8 {[%emt 0:01:00]} 37. Bg5 {[%emt 0:01:12]} Rxg6 {[%emt 0:00:30]} 38. Bxd8 {[%emt 0:00:05]} Qxd8 {[%emt 0:00:30]} 1-0

[Event "TUR-chT Superleague 2018"]
[Site "Ankara"]
[Date "2018.07.30"]
[Round "7"]
[White "Kilic, Efe Mert"]
[Black "Alekseenko, Kirill"]
[Result "0-1"]
[WhiteElo "2317"]
[BlackElo "2627"]
[Annotator "TA"]
[PlyCount "126"]
[EventDate "2018.07.25"]
[EventType "team-tourn"]
[EventCountry "TUR"]
[SourceTitle "playchess.com"]
[Source "ChessBase"]
[SourceQuality "1"]

{[%evp 11,126,-8,5,-17,-8,-42,-18,-56,-11,-54,-50,-58,-49,-69,-69,-68,-52,-59,-27,-33,-27,-35,-6,-50,-37,-32,-24,-33,-15,-41,-24,-24,-32,-34,-29,-37,-18,-23,-17,-34,-9,-10,-6,0,-5,-35,-43,-54,-58,-46,-16,-43,-12,-13,-16,-33,-22,-21,-29,-31,-7,-21,-17,-18,-28,-37,-12,-13,-14,-12,0,-17,-8,-5,0,-80,0,0,0,0,-5,-71,0,0,0,0,0,0,0,-36,-36,-158,-158,-160,-150,-148,-138,-256,-241,-233,-177,-259,-265,-261,-262,-252,-249,-249,-249,-251,-242,-239,-225,-246,-256,-805,-791]} 1. e4 c5 2. Nf3 Nc6 3. b3 e5 4. Bb2 d6 5. Bc4 g6 6. Nc3 {B50: Sicilian: 2...d6, Miscellaneous} Bg7 {LiveBook: 4 Games} 7. Nd5 Nge7 8. Qe2 $146 {The position is equal.} ({Predecessor:} 8. O-O O-O 9. h3 a6 10. a4 Nxd5 11. Bxd5 Ne7 12. Bc4 Bd7 13. a5 Bc6 14. d3 Qc7 15. Qe2 Rac8 16. Nd2 d5 17. exd5 Nxd5 18. Bxd5 Bxd5 {0-1 (44) Elez,N (2179)-Munizaba,S (2339) Sombor 2009}) 8... a6 9. a4 O-O 10. O-O Nxd5 11. Bxd5 Nb4 12. Ne1 Nxd5 13. exd5 Re8 14. a5 b5 15. axb6 $1 Qxb6 16. Ra3 c4 17. d3 c3 18. Bxc3 Qc5 19. Bb2 Qxd5 20. Qe4 Qb7 21. Qxb7 Bxb7 22. c4 d5 23. Nc2 Bf8 24. Ra5 Rad8 25. Ba3 dxc4 26. dxc4 Rd2 27. Bxf8 Kxf8 28. Ne3 Rb2 29. Rd1 Rxb3 30. h3 e4 31. Rd7 Re7 32. Rd8+ Kg7 33. Rd6 Rc7 34. g4 Rd3 35. Rb6 Rcd7 (35... Bc8 {keeps more tension.} 36. h4 Be6 37. Raxa6 Bxc4 38. Ra8 Be6) 36. Kg2 (36. Rc5 {feels hotter.} R3d6 37. Rb2 Kf6 38. Kg2 Ke7 39. Kg3) 36... R3d6 37. Rxd6 Rxd6 $11 {[%mdl 4096] Endgame KRB-KRN} 38. Kg3 h6 39. h4 Kf8 40. g5 h5 41. c5 Rd2 42. c6 Bc8 43. Rd5 (43. c7 $11) 43... Rd3 ({Better is} 43... Rxd5 $17 44. Nxd5 Ke8) 44. Kf4 Ke7 $1 {With the idea ...Rxd5.} 45. Rc5 ({Much worse is} 45. Kxe4 Rc3 $17) 45... Kd6 46. Rc2 {[#]} (46. Rc1 $11) 46... Rd4 (46... Kc7 $1 $17) 47. c7 Rb4 $1 48. Rd2+ Kc6 49. Rc2+ Kb7 50. Ke5 {Hoping for Nc4.} Be6 $1 51. Nd5 ({White should try} 51. Kd6 $15) 51... Rb5 $17 52. c8=Q+ Bxc8 53. Kd6 {intending Rc7+.} Kb8 54. Nc7 (54. Nf6 $17) 54... Rb6+ $19 55. Ke7 Bf5 56. Nd5 (56. Rc1 {was necessary.}) 56... Rb7+ 57. Kd6 {[#]} e3 $1 58. Re2 (58. Nxe3 Bxc2) 58... exf2 59. Rxf2 Be6 60. Nf4 Rb6+ 61. Kc5 Rb5+ 62. Kc6 Bc8 63. Nd3 $2 (63. Kd6) 63... Bb7+ {Precision: White = 49%, Black = 48%.} 0-1

[Event "TUR-chT Superleague 2018"]
[Site "Ankara"]
[Date "2018.07.30"]
[Round "7"]
[White "Ozen, Bahadir"]
[Black "Ozcan, Kaan"]
[Result "1-0"]
[WhiteElo "2317"]
[BlackElo "1523"]
[Annotator "NA"]
[PlyCount "87"]
[EventDate "2018.07.25"]
[EventType "team-tourn"]
[EventCountry "TUR"]
[SourceTitle "playchess.com"]
[Source "ChessBase"]
[SourceQuality "1"]
[TimeControl "40/5400+30:1800+30"]

1. g3 g6 2. Bg2 Bg7 3. d3 d5 4. Nf3 Nf6 5. O-O O-O 6. Nbd2 c5 7. e4 dxe4 8. dxe4 Nc6 9. Re1 Bg4 10. h3 Bxf3 11. Qxf3 Nd4 12. Qd1 Nd7 13. c3 Nc6 14. f4 Qc7 15. e5 e6 16. Ne4 Rfd8 17. Qe2 Bf8 18. Be3 Be7 19. Rad1 Rac8 20. Kh1 b6 21. g4 Ndb8 22. Nf6+ Bxf6 23. exf6 Rxd1 24. Rxd1 Rd8 25. Rf1 Qd6 26. Be4 Qf8 27. h4 {[%emt 0:28:30]} Qd6 {[%emt 1:26:25]} 28. h5 {[%emt 0:00:30]} Nd7 {[%emt 0:04:05]} 29. g5 {[%emt 0:04:30]} Ndb8 {[%emt 0:03:07]} 30. Qf3 {[%emt 0:01:30]} Rd7 {[%emt 0:06:18]} 31. Kg2 {[%emt 0:00:30]} Nd8 {[%emt 0:03:37]} 32. Rh1 {[%emt 0:00:30]} Na6 {[%emt 0:02:04]} 33. Qh3 {[%emt 0:00:30]} Qc7 {[%emt 0:00:44]} 34. hxg6 {[%emt 0:00:30]} fxg6 {[%emt 0:00:10]} 35. Bxg6 {[%emt 0:00:00]} Qb7+ {[%emt 0:01:04]} 36. Kf2 {[%emt 0:00:00]} Qd5 {[%emt 0:00:45]} 37. Bxh7+ {[%emt 0:00:00]} Kf8 {[%emt 0:00:14]} 38. Qh6+ {[%emt 0:00:00]} Ke8 {[%emt 0:00:22]} 39. Bg6+ {[%emt 0:00:30]} Rf7 {[%emt 0:00:00]} 40. Qh7 {[%emt 0:00:00]} Nc7 {[%emt 0:01:35]} 41. Bxf7+ {[%emt 0:03:00]} Nxf7 {[%emt 0:00:30]} 42. Qg8+ {[%emt 0:00:00]} Kd7 {[%emt 0:00:00]} 43. Qxf7+ {[%emt 0:01:00]} Kc6 {[%emt 0:01:00]} 44. Rh7 {[%emt 0:00:30]} 1-0

[Event "TUR-chT Superleague 2018"]
[Site "Ankara"]
[Date "2018.07.30"]
[Round "7"]
[White "Injac, Teodora"]
[Black "Shuvalova, Polina"]
[Result "0-1"]
[WhiteElo "2302"]
[BlackElo "2417"]
[Annotator "TA"]
[PlyCount "136"]
[EventDate "2018.07.25"]
[EventType "team-tourn"]
[EventCountry "TUR"]
[SourceTitle "playchess.com"]
[Source "ChessBase"]
[SourceQuality "1"]

{[%evp 19,136,16,20,0,18,0,0,14,16,-18,110,39,31,0,0,0,0,0,0,-37,0,0,0,0,0,-52,-50,-50,-29,-56,-56,-51,-53,-55,-50,-68,-51,-52,-52,-55,-54,-92,-51,-53,-40,-56,-32,-55,-37,-40,-40,-106,-111,-181,-144,-229,-218,-230,-151,-256,-249,-356,-154,-165,-173,-261,-268,-318,-169,-178,-166,-166,-173,-167,-170,-148,-143,-157,-159,-396,-333,-412,-386,-403,-410,-383,-356,-478,-470,-484,-464,-664,-450,-694,-670,-777,-812,-1230,-1173,-1352,-1284,-3059,-2423,-2746,-2559,-1268,-916,-29970,-29973,-29971,-29971,-29978,-29979,-29977,-29978,-29982,-29983,-29979,-29980]} 1. Nf3 Nf6 2. c4 e6 3. d4 b6 4. g3 Ba6 5. Qb3 d5 6. cxd5 Qxd5 {E15: Queen's Indian: 4 g3 sidelines, 4 g3 Ba6 and 4 g3 Bb7 early deviations} 7. Nc3 Qxb3 8. axb3 Bb7 9. Bg2 a5 10. O-O Na6 {LiveBook: 5 Games} 11. Nb5 $146 ({Predecessor:} 11. Ne5 Bxg2 12. Kxg2 Bd6 13. Nd3 O-O-O 14. Bg5 {½-½ (23) Moiseenko,A (2692)-Leko,P (2707) Berlin 2015}) 11... Bc6 12. Ne5 Bxg2 13. Kxg2 Ne4 14. Bf4 {Strongly threatening Nc4.} f6 (14... Nd6 $11 15. Na3 f6) 15. Nd3 ({Better is} 15. Nc4 $1 $16) 15... Kd7 $14 16. Rfc1 {[%cal Rb5c7]} Nd6 17. Bxd6 Bxd6 18. Rc4 Be7 19. Rd1 (19. Rac1 $5 {[%cal Rb5c7]} Rhc8 20. Nc3 $11) 19... Rhc8 20. e4 c6 21. Na3 $1 Nb4 22. Rcc1 (22. Nf4 $11) 22... Nxd3 $15 23. Rxd3 Rd8 24. Nc4 Kc7 25. Ne3 Kb7 26. Rcd1 Rd7 27. Kf3 Rad8 28. Ke2 g6 29. f4 f5 30. e5 b5 31. Nc2 Rg8 32. h4 Ra8 33. Kf3 Bd8 34. Ke2 Bb6 35. h5 {[#]} (35. Ne1 $15) 35... g5 $1 $17 {[%mdl 512]} 36. Ra1 (36. Rf1 $17) (36. fxg5 Rg8) 36... gxf4 {White must now prevent ...Rg8.} 37. gxf4 (37. b4 $17 {might work better.}) 37... Rg8 $19 38. Rf1 c5 {[%cal Rc5d4]} 39. Na3 (39. Rff3 $17) 39... Kc6 ({Weaker is} 39... cxd4 40. Nxb5 Kc6 41. Nd6 $17) 40. Kf3 (40. Nc2 {is a better defense.}) 40... Rxd4 (40... Rdg7 $19 {and Black stays clearly on top.} 41. Ke2 cxd4) 41. Rxd4 cxd4 {[%mdl 4096] Endgame KRB-KRN} 42. Rc1+ (42. Rd1 $142) 42... Bc5 43. Nc2 {Threatens to win with Nxd4+.} Kd5 (43... Rd8 $142 {...d3 is the strong threat.} 44. b4 d3 45. bxc5 dxc2) 44. Rd1 Rg7 45. Ne3+ Kc6 46. Nc2 Rd7 47. Ne1 Kd5 48. Nd3 Rc7 $1 49. Nxc5 $2 (49. Rg1 $17 {was necessary.}) 49... Rxc5 $17 {KR-KR} (49... Kxc5 $2 50. Rc1+ Kb6 51. Rd1 $19) 50. Ra1 {[#]} d3 $1 51. Ke3 {[#]} d2 $1 {[%mdl 512]} 52. Kxd2 Ke4 53. Rxa5 Kxf4 54. Ra7 h6 55. Rg7 (55. Rh7 $142 Kg5 56. b4 Rxe5 57. Rc7) 55... Rxe5 56. Rg6 (56. Rh7 $142 Kg5 57. Rf7) 56... Re3 $19 57. Rxh6 e5 {[%cal Be6e5,Be5e4][%mdl 32]} 58. Rb6 Rxb3 59. Kc2 Rh3 60. Rxb5 e4 61. b4 Rxh5 62. Rd5 Ke3 63. b5 Rh2+ {Black mates.} 64. Kc3 f4 {[%cal Bf5f4,Bf4f3,Bf3f2][%mdl 32]} 65. b6 f3 66. b7 Rh8 67. Rb5 f2 68. Rb1 Rb8 {Precision: White = 33%, Black = 54%.} 0-1

[Event "TUR-chT Superleague 2018"]
[Site "Ankara"]
[Date "2018.07.30"]
[Round "7"]
[White "Ozenir, Ekin Baris"]
[Black "Eren, Ataberk"]
[Result "1-0"]
[WhiteElo "2300"]
[BlackElo "2195"]
[Annotator "NA"]
[PlyCount "95"]
[EventDate "2018.07.25"]
[EventType "team-tourn"]
[EventCountry "TUR"]
[SourceTitle "playchess.com"]
[Source "ChessBase"]
[SourceQuality "1"]
[TimeControl "40/5400+30:1800+30"]

1. d4 Nf6 2. Bg5 d5 3. e3 c5 4. Bxf6 gxf6 5. dxc5 Nc6 6. c4 dxc4 7. Nd2 e6 8. Bxc4 Bxc5 9. Ngf3 O-O 10. O-O a6 11. Rc1 Be7 12. Qe2 Ne5 {[%emt 1:08:30]} 13. Rfd1 {[%emt 0:51:30]} b5 {[%emt 0:06:30]} 14. Nxe5 {[%emt 0:03:30]} fxe5 {[%emt 0:00:30]} 15. Bb3 {[%emt 0:00:30]} Bb7 {[%emt 0:04:25]} 16. Qh5 {[%emt 0:16:30]} Qb8 {[%emt 0:02:14]} 17. Bc2 {[%emt 0:03:30]} f5 {[%emt 0:00:19]} 18. e4 {[%emt 0:01:30]} Qe8 {[%emt 0:04:11]} 19. Qh3 {[%emt 0:02:30]} Kh8 {[%emt 0:09:07]} 20. exf5 {[%emt 0:02:16]} exf5 {[%emt 0:01:16]} 21. Bxf5 {[%emt 0:01:56]} Qf7 {[%emt 0:00:05]} 22. Rc7 {[%emt 0:01:39]} Bc8 {[%emt 0:01:21]} 23. Qxh7+ {[%emt 0:02:53]} Qxh7 {[%emt 0:00:02]} 24. Bxh7 {[%emt 0:00:00]} Bg4 {[%emt 0:02:18]} 25. f3 {[%emt 0:02:03]} Bd8 {[%emt 0:01:19]} 26. Rcc1 {[%emt 0:02:33]} Bb6+ {[%emt 0:01:01]} 27. Kh1 {[%emt 0:00:17]} Be6 {[%emt 0:00:00]} 28. Be4 {[%emt 0:00:36]} Rab8 {[%emt 0:00:15]} 29. b3 {[%emt 0:00:50]} a5 {[%emt 0:00:57]} 30. Nf1 {[%emt 0:01:23]} Bd4 {[%emt 0:00:11]} 31. Rc6 {[%emt 0:01:25]} Bg8 {[%emt 0:00:38]} 32. Rdc1 {[%emt 0:01:37]} a4 {[%emt 0:00:44]} 33. Rh6+ {[%emt 0:01:51]} Kg7 {[%emt 0:00:01]} 34. Rg6+ {[%emt 0:00:44]} Kh8 {[%emt 0:00:01]} 35. Rc7 {[%emt 0:00:56]} Bf7 {[%emt 0:00:14]} 36. Rh6+ {[%emt 0:00:39]} Kg8 {[%emt 0:00:55]} 37. Rh7 {[%emt 0:02:46]} axb3 {[%emt 0:00:53]} 38. axb3 {[%emt 0:00:33]} Bb6 {[%emt 0:00:29]} 39. Rd7 {[%emt 0:00:31]} Rbd8 {[%emt 0:00:41]} 40. Rhxf7 {[%emt 0:01:02]} Rxf7 {[%emt 0:00:23]} 41. Rxd8+ {[%emt 0:00:30]} Bxd8 {[%emt 0:00:30]} 42. Bd5 {[%emt 0:00:30]} Kf8 {[%emt 0:00:00]} 43. Bxf7 {[%emt 0:00:30]} Kxf7 {[%emt 0:00:00]} 44. Ne3 {[%emt 0:08:30]} Bb6 {[%emt 0:02:30]} 45. Nc2 {[%emt 0:03:30]} e4 {[%emt 0:02:30]} 46. fxe4 {[%emt 0:01:30]} Ke6 {[%emt 0:00:30]} 47. Na3 {[%emt 0:00:49]} b4 {[%emt 0:00:30]} 48. Nc4 {[%emt 0:00:11]} 1-0